| 000 -CABECERA |
| campo de control de longitud fija |
00791nam a2200217 4500 |
| 005 - FECHA Y HORA DE LA ÚLTIMA TRANSACCIÓN |
| campo de control |
20211013233024.0 |
| 008 - DATOS DE LONGITUD FIJA--INFORMACIÓN GENERAL |
| campo de control de longitud fija |
211013s1982 pe |||fr|||| 001 0 spa d |
| 040 ## - FUENTE DE LA CATALOGACIÓN |
| Centro catalogador/agencia de origen |
CENDOC CAAAP |
| Lengua de catalogación |
spa |
| Centro/agencia transcriptor |
CAAAP |
| 041 ## - CÓDIGO DE LENGUA |
| Código de lengua del texto/banda sonora o título independiente |
spa |
| 050 ## - SIGNATURA TOPOGRÁFICA DE LA BIBLIOTECA DEL CONGRESO |
| Número de clasificación |
P 91 |
| Número de documento/Ítem |
.O73 |
| 100 1# - ENTRADA PRINCIPAL--NOMBRE DE PERSONA |
| 9 (RLIN) |
4258 |
| Nombre personal |
Ortega, Julio |
| 245 1# - MENCIÓN DE TÍTULO |
| Título |
Texto, comunicación y cultura : |
| Subtitulo |
los ríos profundos de José María Arguedas / |
| Mención de responsabilidad, etc. |
Julio Ortega |
| 250 ## - MENCIÓN DE EDICIÓN |
| Mención de edición |
1ra ed. |
| 260 ## - PUBLICACIÓN, DISTRIBUCIÓN, ETC. |
| Lugar de publicación, distribución, etc. |
Lima: |
| Nombre del editor, distribuidor, etc. |
Centro de Estudios para el Desarrollo y Participación, |
| Fecha de publicación, distribución, etc. |
1982 |
| 300 ## - DESCRIPCIÓN FÍSICA |
| Extensión |
131 p. |
| 505 ## - NOTA DE CONTENIDO CON FORMATO |
| Nota de contenido con formato |
Contiene : EL narrador plural -- El modelo natural y el modelo social -- Texto, mito y sujeto -- Apéndice documental. |
| 650 10 - PUNTO DE ACCESO ADICIONAL DE MATERIA--TÉRMINO DE MATERIA |
| 9 (RLIN) |
2024 |
| Término de materia o nombre geográfico como elemento de entrada |
Literatura Indígena |
| 650 20 - PUNTO DE ACCESO ADICIONAL DE MATERIA--TÉRMINO DE MATERIA |
| 9 (RLIN) |
543 |
| Término de materia o nombre geográfico como elemento de entrada |
Cultura Tradicional |
| 650 20 - PUNTO DE ACCESO ADICIONAL DE MATERIA--TÉRMINO DE MATERIA |
| 9 (RLIN) |
586 |
| Término de materia o nombre geográfico como elemento de entrada |
Mitología |
| 942 ## - ELEMENTOS PERSONALIZADOS KOHA |
| Fuente del sistema de clasificación o colocación |
|
| Fecha de catalogación |
13 - 10 - 21 |
| Tipo de ítem Koha |
Libros |